History Quiz

Random History or Century Quiz

19th Century US Figures Match-up Quiz Stats

Quiz Updated Jun 28, 2016

Challenge
Share
Tweet
Score 0/30 Timer 06:00
6 Plays Today
% Correct
Abraham
99.4%
Mark
97.9%
Thomas
97.8%
Grover
96.9%
Sitting
96.6%
Crazy
96.3%
Harriet
95.3%
Andrew
94.9%
Walt
94.7%
James
93.6%
Andrew
92.8%
Wyatt
92.1%
Millard
92%
Annie
91.6%
Nathaniel
91.6%
% Correct
Brigham
91.1%
Frederick
89.9%
Jefferson
88.6%
Eli
88.3%
Sojourner
87%
Meriwether
86.4%
Dred
83.6%
Henry
80.5%
Nat
78.7%
Dorothea
70.4%
Horatio
70.3%
Matthew
65.7%
Mary
61.3%
Lucretia
58.1%
Victoria
54.2%

You're not logged in!

Compare scores with friends on all Sporcle quizzes.
Sign Up with Email
OR
Log In

You Might Also Like...

Show Comments

Extras

Top Quizzes Today


Score Distribution

Your Account Isn't Verified!

In order to create a playlist on Sporcle, you need to verify the email address you used during registration. Go to your Sporcle Settings to finish the process.